[Event "HUN-chT2 Charousek 1819"]
[Site "Hungary"]
[Date "2019.03.31"]
[Round "10.5"]
[White "Erdelyi, Zombor"]
[Black "Jakab, Bela"]
[Result "1/2-1/2"]
[WhiteElo "2322"]
[BlackElo "2311"]
[PlyCount "111"]
[EventDate "2018.09.23"]
[EventType "team-tourn"]
[EventRounds "11"]
[EventCountry "HUN"]
[SourceTitle "EXT 2021"]
[Source "ChessBase"]
[SourceDate "2020.10.23"]
[SourceVersion "1"]
[SourceVersionDate "2020.10.23"]
[SourceQuality "1"]
[WhiteTeam "Budapest HUSI"]
[BlackTeam "Gyor Szechenyi"]
[WhiteTeamCountry "HUN"]
[BlackTeamCountry "HUN"]

1. d4 d5 2. c4 c6 3. Nf3 Nf6 4. Nc3 g6 5. Bg5 Ne4 6. Bf4 Bg7 7. e3 Nxc3 8. bxc3 0-0 9. a4 Bg4 10. Be2 Nd7 11. Qb3 e5 12. Nxe5 Bxe2 13. Nxd7 Bxc4 14. Qxb7 Re8 15. Nc5 Qa5 16. Qb4 Qxb4 17. cxb4 Bxd4 18. Rb1 Bc3+ 19. Kd1 a5 20. bxa5 Rxa5 21. Bd6 Be5 22. Bxe5 Rxe5 23. Nd7 Re7 24. Nb6 Bd3 25. Rb3 Rb7 26. Kd2 Bf5 27. f3 h5 28. Nc4 Rxb3 29. Nxa5 Rb2+ 30. Kc3 Rxg2 31. Kd4 Rc2 32. Ke5 Be6 33. Rb1 c5 34. Nb7 Rc3 35. Ra1 Rxe3+ 36. Kd6 d4 37. a5 d3 38. a6 d2 39. a7 d1Q+ 40. Rxd1 Ra3 41. Nxc5 Rxa7 42. Nxe6 Ra6+ 43. Ke5 Rxe6+ 44. Kf4 Kg7 45. h4 Ra6 46. Rd4 f6 47. Kg3 Kh6 48. Rb4 g5 49. Rc4 Ra3 50. hxg5+ Kxg5 51. Rc5+ f5 52. Rc4 Ra1 53. f4+ Kf6 54. Rc6+ Ke7 55. Kh4 Rg1 56. Kxh5 1/2-1/2

[Event "HUN-chT2 Charousek 1819"]
[Site "Hungary"]
[Date "2018.11.18"]
[Round "4.3"]
[White "Csati, Oliver"]
[Black "Erdelyi, Zombor"]
[Result "1-0"]
[WhiteElo "2214"]
[BlackElo "2322"]
[PlyCount "61"]
[EventDate "2018.09.23"]
[EventType "team-tourn"]
[EventRounds "11"]
[EventCountry "HUN"]
[SourceTitle "CBM 189 Extra"]
[Source "ChessBase"]
[SourceDate "2019.06.03"]
[SourceVersion "1"]
[SourceVersionDate "2019.06.03"]
[SourceQuality "1"]
[WhiteTeam "Budapest HASE"]
[BlackTeam "Budapest HUSI"]
[WhiteTeamCountry "HUN"]
[BlackTeamCountry "HUN"]

1. e4 c5 2. Nf3 d6 3. d4 cxd4 4. Nxd4 Nf6 5. Nc3 a6 6. Nb3 g6 7. Bg5 Nbd7 8. Qd2 Bg7 9. 0-0-0 b5 10. a3 Bb7 11. f3 Rc8 12. Bh6 0-0 13. Bxg7 Kxg7 14. h4 h5 15. g4 Nc5 16. Nd4 e5 17. g5 Nfd7 18. Nde2 a5 19. b4 axb4 20. axb4 Ra8 21. bxc5 Qa5 22. Qxd6 b4 23. Nb1 b3 24. Nec3 Nxc5 25. Bc4 bxc2 26. Kxc2 Na4 27. Qf6+ Kh7 28. Bxf7 Ra6 29. Bxg6+ Kg8 30. Bh7+ Kxh7 31. Rd7+ 1-0

[Event "HUN-chT 1718"]
[Site "Hungary"]
[Date "2017.11.26"]
[Round "2.10"]
[White "Erdelyi, Zombor"]
[Black "Roos, Jean Luc"]
[Result "1/2-1/2"]
[WhiteElo "2304"]
[BlackElo "2267"]
[PlyCount "150"]
[EventDate "2017.11.25"]
[EventType "team-tourn"]
[EventRounds "9"]
[EventCountry "HUN"]
[SourceTitle "CBM 181 Extra"]
[Source "ChessBase"]
[SourceDate "2017.12.12"]
[SourceVersion "1"]
[SourceVersionDate "2017.12.12"]
[SourceQuality "1"]
[WhiteTeam "Husi"]
[BlackTeam "Budapest MTK"]
[WhiteTeamCountry "HUN"]
[BlackTeamCountry "HUN"]

1. e4 e6 2. d4 d5 3. Nc3 Bb4 4. e5 Ne7 5. Bd2 c5 6. Nb5 Bxd2+ 7. Qxd2 0-0 8. dxc5 Nbc6 9. Nf3 b6 10. cxb6 Qxb6 11. Bd3 Bd7 12. Qe3 Rab8 13. Qxb6 Rxb6 14. a4 Nb4 15. Kd2 Nxd3 16. cxd3 a6 17. Nbd4 Rxb2+ 18. Ke3 f6 19. Rhb1 Rfb8 20. Rxb2 Rxb2 21. a5 Ng6 22. exf6 gxf6 23. Ne2 e5 24. d4 Bb5 25. Nc3 Bc4 26. Ra3 Kf7 27. g3 h6 28. h4 Ke6 29. Ng1 Ne7 30. g4 exd4+ 31. Kxd4 Rxf2 32. Nce2 Kd6 33. Ke3 Rh2 34. h5 Bxe2 35. Ra2 Rg2 36. Nxe2 Rxg4 37. Rb2 Rc4 38. Nd4 Rc3+ 39. Kf4 Rc4 40. Ke3 Ke5 41. Nf3+ Kf5 42. Rb6 Rc3+ 43. Ke2 Rc4 44. Rxa6 Ra4 45. Ke3 Ra3+ 46. Ke2 Kg4 47. Rxf6 Nf5 48. Ne5+ Kg5 49. Nd7 Re3+ 50. Kd2 Re7 51. Rg6+ Kxh5 52. Nf8 Ra7 53. a6 Ra8 54. Rf6 Kg5 55. Nh7+ Kf4 56. Rb6 Ke5 57. Nf6 Nd6 58. Ng4+ Ke6 59. Nxh6 Kd7 60. Kd3 Kc7 61. Rb1 Rxa6 62. Ng4 Nf5 63. Rf1 Ra3+ 64. Kd2 Ng3 65. Rf8 Ne4+ 66. Ke2 Kc6 67. Nf6 Ng3+ 68. Kf2 d4 69. Rd8 Kc5 70. Nd7+ Kd5 71. Nf6+ Kc5 72. Nd7+ Kb4 73. Nf6 Kc4 74. Rc8+ Kb5 75. Rd8 Kc5 1/2-1/2

[Event "HUN-chT 1415"]
[Site "Hungary"]
[Date "2015.04.26"]
[Round "9.4"]
[White "Erdelyi, Zombor"]
[Black "Antal, Gergely"]
[Result "0-1"]
[WhiteElo "2286"]
[BlackElo "2524"]
[PlyCount "118"]
[EventDate "2014.10.12"]
[EventType "team-tourn"]
[EventRounds "9"]
[EventCountry "HUN"]
[SourceTitle "EXT 2016"]
[Source "ChessBase"]
[SourceDate "2015.10.08"]
[SourceVersion "1"]
[SourceVersionDate "2015.10.08"]
[SourceQuality "1"]
[WhiteTeam "Husi"]
[BlackTeam "Penzugyor"]
[WhiteTeamCountry "HUN"]
[BlackTeamCountry "HUN"]

1. e4 c6 2. d4 d5 3. e5 c5 4. Nf3 Bg4 5. c4 cxd4 6. Qxd4 Bxf3 7. gxf3 Nc6 8. Qxd5 Qc7 9. f4 e6 10. Qe4 0-0-0 11. Be3 f5 12. Qf3 g5 13. Nc3 gxf4 14. Qxf4 Bh6 15. Qg3 Bxe3 16. Qxe3 Qxe5 17. Qxe5 Nxe5 18. Be2 Ne7 19. Rd1 N7g6 20. b3 Rxd1+ 21. Kxd1 Rd8+ 22. Kc2 Rd4 23. f3 a6 24. Rf1 Kc7 25. Rf2 Kd6 26. Nb1 Rf4 27. Rf1 Nc6 28. Kc3 Rh4 29. Rf2 Nf4 30. Nd2 a5 31. a3 Nxe2+ 32. Rxe2 Nd4 33. Rg2 e5 34. b4 Rh3 35. Rf2 axb4+ 36. axb4 Ke6 37. b5 Kd6 38. Kb4 b6 39. c5+ bxc5+ 40. Ka5 Kd5 41. b6 Nc6+ 42. Ka6 Rh4 43. Kb7 Na5+ 44. Ka6 Ra4 45. Kb5 Ra2 46. Ne4 Rxf2 47. Nxf2 Nb7 48. Nd1 Nd6+ 49. Ka6 Kd4 50. b7 Nxb7 51. Kxb7 c4 52. Kc6 e4 53. fxe4 fxe4 54. Kb5 c3 55. Kb4 c2 56. Nc3 Kd3 57. Na2 Kd2 58. Kb3 e3 59. Kb2 e2 0-1

[Event "HUN-chT2 Charousek 1314"]
[Site "Hungary"]
[Date "2014.04.13"]
[Round "10"]
[White "Orso, Miklos"]
[Black "Erdelyi, Zombor"]
[Result "0-1"]
[WhiteElo "2328"]
[BlackElo "2291"]
[PlyCount "40"]
[EventDate "2013.09.08"]
[EventType "team-tourn"]
[EventRounds "11"]
[EventCountry "HUN"]
[SourceTitle "EXT 2016"]
[Source "ChessBase"]
[SourceDate "2015.10.08"]
[SourceVersion "1"]
[SourceVersionDate "2015.10.08"]
[SourceQuality "1"]
[WhiteTeam "Nagykanizsa II"]
[BlackTeam "Budapest HUSI"]
[WhiteTeamCountry "HUN"]
[BlackTeamCountry "HUN"]

1. d4 Nf6 2. Nf3 g6 3. c4 Bg7 4. Nc3 d5 5. cxd5 Nxd5 6. e4 Nxc3 7. bxc3 c5 8. Be3 Nc6 9. h3 Qa5 10. Qd2 0-0 11. Rb1 cxd4 12. cxd4 Qxd2+ 13. Kxd2 Rd8 14. Kc3 Be6 15. Bb5 Nxd4 16. Bxd4 Rac8+ 17. Kd3 a6 18. Rhc1 Bxa2 19. Ba4 Bxb1+ 20. Rxb1 Bxd4 0-1

[Event "HUN-chT2 Breyer 1213"]
[Site "Hungary"]
[Date "2013.01.27"]
[Round "6.3"]
[White "Varga, Vilmos"]
[Black "Erdelyi, Zombor"]
[Result "0-1"]
[WhiteElo "2140"]
[BlackElo "2316"]
[PlyCount "78"]
[EventDate "2012.09.16"]
[EventType "team-tourn"]
[EventRounds "11"]
[EventCountry "HUN"]
[SourceTitle "EXT 2014"]
[Source "ChessBase"]
[SourceDate "2013.11.20"]
[SourceVersion "1"]
[SourceVersionDate "2013.11.20"]
[SourceQuality "1"]
[WhiteTeam "Zsambek"]
[BlackTeam "Husi"]
[WhiteTeamCountry "HUN"]
[BlackTeamCountry "HUN"]

1. e4 c5 2. Nf3 d6 3. d4 cxd4 4. Nxd4 Nf6 5. Nc3 a6 6. Bg5 e6 7. f4 Qb6 8. Qd2 Qxb2 9. Nb3 Nc6 10. Rb1 Qa3 11. Bxf6 gxf6 12. Be2 h5 13. 0-0 Bd7 14. Kh1 Rc8 15. Rfd1 h4 16. h3 Bh6 17. Bh5 Ne7 18. Ne2 Bc6 19. Bf3 e5 20. Qxd6 Qxd6 21. Rxd6 Bb5 22. fxe5 fxe5 23. Rbd1 Ng6 24. Na5 Rxc2 25. Ng1 Rc7 26. Bh5 Bf8 27. Rd8+ Ke7 28. Bxg6 fxg6 29. R8d5 Bg7 30. Nf3 Be2 31. Nxe5 Bxe5 32. Rxe5+ Kf6 33. Rdd5 b6 34. Nb3 Bc4 35. Nd4 Bxd5 36. Rxd5 Re8 37. e5+ Rxe5 38. Rd6+ Kf7 39. Rxb6 Re1+ 0-1

[Event "HUN-chT2 Breyer 1213"]
[Site "Hungary"]
[Date "2012.10.07"]
[Round "2.3"]
[White "Erdelyi, Zombor"]
[Black "Havasi, Gergo"]
[Result "0-1"]
[WhiteElo "2316"]
[BlackElo "1993"]
[PlyCount "96"]
[EventDate "2012.09.16"]
[EventType "team-tourn"]
[EventRounds "11"]
[EventCountry "HUN"]
[SourceTitle "EXT 2014"]
[Source "ChessBase"]
[SourceDate "2013.11.20"]
[SourceVersion "1"]
[SourceVersionDate "2013.11.20"]
[SourceQuality "1"]
[WhiteTeam "Husi"]
[BlackTeam "MAV Elore"]
[WhiteTeamCountry "HUN"]
[BlackTeamCountry "HUN"]

1. e4 c5 2. Nf3 d6 3. d4 cxd4 4. Qxd4 Nc6 5. Bb5 Bd7 6. Bxc6 Bxc6 7. Nc3 Nf6 8. Bg5 e6 9. 0-0-0 Be7 10. Qd3 0-0 11. h4 Qa5 12. Nd4 Rfc8 13. f4 a6 14. Kb1 Qc7 15. f5 Bd7 16. fxe6 fxe6 17. Rhf1 Rf8 18. Nf3 Rad8 19. Qe2 h6 20. e5 dxe5 21. Nxe5 Be8 22. Bc1 b5 23. Rxd8 Bxd8 24. Nd3 Bf7 25. Bf4 Qb7 26. Bd6 Re8 27. Ne5 Ba5 28. Nxf7 Qxf7 29. Ne4 Bd8 30. a4 Qb7 31. Re1 Qc6 32. axb5 axb5 33. Bb4 Nd5 34. Bd2 Bxh4 35. Rh1 Bf6 36. Qg4 Rc8 37. c3 Kf7 38. Rf1 Ra8 39. Qh5+ Ke7 40. Qg6 Qc4 41. Rf3 Qa2+ 42. Kc2 Qa4+ 43. Kb1 Nb4 44. Qxf6+ gxf6 45. cxb4 Qd1+ 46. Bc1 Ra1+ 47. Kxa1 Qxc1+ 48. Ka2 Qc4+ 0-1

[Event "HUN-chT 1011"]
[Site "Hungary"]
[Date "2011.01.30"]
[Round "5"]
[White "Erdelyi, Zombor"]
[Black "Medvegy, Nora"]
[Result "1/2-1/2"]
[WhiteElo "2323"]
[BlackElo "2336"]
[PlyCount "68"]
[EventDate "2010.10.10"]
[EventType "team-tourn"]
[EventRounds "11"]
[EventCountry "HUN"]
[SourceTitle "EXT 2012"]
[Source "ChessBase"]
[SourceDate "2011.11.24"]
[SourceVersion "1"]
[SourceVersionDate "2011.11.24"]
[SourceQuality "1"]
[WhiteTeam "Penzugyor"]
[BlackTeam "MLTC"]
[WhiteTeamCountry "HUN"]
[BlackTeamCountry "HUN"]

1. e4 c5 2. Nf3 Nc6 3. Nc3 Nf6 4. d4 cxd4 5. Nxd4 e5 6. Ndb5 d6 7. Bg5 a6 8. Na3 b5 9. Nd5 Be7 10. Bxf6 Bxf6 11. c3 Bg5 12. Nc2 Rb8 13. a3 0-0 14. Nce3 Be6 15. g3 Qd7 16. Bg2 a5 17. 0-0 Ne7 18. f4 Bh6 19. Kh1 Nxd5 20. exd5 Bh3 21. Bxh3 Qxh3 22. Qg4 Qxg4 23. Nxg4 e4 24. Kg2 f5 25. Nxh6+ gxh6 26. Kf2 Kf7 27. Ke3 h5 28. Rg1 Rfc8 29. h3 Rg8 30. Rg2 Rg6 31. Rag1 Rbg8 32. b3 Ke7 33. Kd4 Kd7 34. c4 bxc4 1/2-1/2

[Event "HUN-chT 1011"]
[Site "Hungary"]
[Date "2010.11.20"]
[Round "3"]
[White "Erdelyi, Zombor"]
[Black "Juhasz, Kristof"]
[Result "1/2-1/2"]
[WhiteElo "2323"]
[BlackElo "2268"]
[PlyCount "102"]
[EventDate "2010.10.10"]
[EventType "team-tourn"]
[EventRounds "11"]
[EventCountry "HUN"]
[SourceTitle "EXT 2012"]
[Source "ChessBase"]
[SourceDate "2011.11.24"]
[SourceVersion "1"]
[SourceVersionDate "2011.11.24"]
[SourceQuality "1"]
[WhiteTeam "Penzugyor"]
[BlackTeam "Csuti"]
[WhiteTeamCountry "HUN"]
[BlackTeamCountry "HUN"]

1. e4 c6 2. d4 d5 3. e5 Bf5 4. Nf3 e6 5. Be2 Nd7 6. 0-0 Bg6 7. Nbd2 Nh6 8. Nb3 Be7 9. Bd2 0-0 10. Qc1 f6 11. Nh4 Bf7 12. Nf3 Bg6 13. c4 Nf7 14. Bc3 Re8 15. Qd2 fxe5 16. dxe5 Nc5 17. Nxc5 Bxc5 18. b4 Bb6 19. c5 Bc7 20. Qe3 Qe7 21. Bd4 Nh6 22. Qc3 Nf5 23. Bd3 Rf8 24. Rae1 a6 25. a4 Rf7 26. Be3 h6 27. Bd2 Raf8 28. Nd4 Nh4 29. Bxg6 Nxg6 30. Qh3 Bxe5 31. Nxe6 Re8 32. Nd4 Qf8 33. Ne6 Qe7 34. Nd4 Qf8 35. Nf3 Rfe7 36. Qg4 Qf7 37. h4 Qe6 38. Nxe5 Nxe5 39. Qg3 Qg6 40. Qh3 Nc4 41. h5 Qc2 42. Rxe7 Rxe7 43. Re1 Rxe1+ 44. Bxe1 Qe4 45. Bc3 d4 46. Qc8+ Kh7 47. Bxd4 Qxd4 48. Qf5+ Kg8 49. Qc8+ Kh7 50. Qf5+ Kg8 51. Qc8+ Kh7 1/2-1/2

[Event "HUN-chT 1011"]
[Site "Hungary"]
[Date "2010.11.07"]
[Round "2"]
[White "Erdelyi, Zombor"]
[Black "Pinter, Jozsef"]
[Result "1/2-1/2"]
[WhiteElo "2323"]
[BlackElo "2517"]
[PlyCount "76"]
[EventDate "2010.10.10"]
[EventType "team-tourn"]
[EventRounds "11"]
[EventCountry "HUN"]
[SourceTitle "EXT 2012"]
[Source "ChessBase"]
[SourceDate "2011.11.24"]
[SourceVersion "1"]
[SourceVersionDate "2011.11.24"]
[SourceQuality "1"]
[WhiteTeam "Penzugyor"]
[BlackTeam "Aquaprofit"]
[WhiteTeamCountry "HUN"]
[BlackTeamCountry "HUN"]

1. e4 e5 2. Nf3 Nc6 3. Bb5 a6 4. Ba4 Nf6 5. d4 exd4 6. e5 Ne4 7. 0-0 Be7 8. Re1 Nc5 9. Bxc6 dxc6 10. Nxd4 0-0 11. Nc3 Re8 12. Be3 Bf8 13. Qh5 g6 14. Qg5 Qxg5 15. Bxg5 h6 16. Bf6 Nd7 17. Ne4 c5 18. Nf3 Re6 19. Rad1 b5 20. Bd8 Rc6 21. c3 Nb6 22. Nf6+ Kh8 23. e6 Bxe6 24. Ne5 Rd6 25. Bxc7 Rxd1 26. Rxd1 Na4 27. Rd2 Bg7 28. Ne4 Rc8 29. Bd6 f5 30. Nxg6+ Kh7 31. Nf4 Bxa2 32. Ng3 Bb1 33. h4 b4 34. cxb4 c4 35. Rd1 Bc2 36. Rd2 Bb3 37. Nxf5 Bxb2 38. Re2 Bf6 1/2-1/2

[Event "Budapest FS08 IM-B"]
[Site "Budapest"]
[Date "2010.08.12"]
[Round "6"]
[White "Martynov, Pavel1111"]
[Black "Erdelyi, Zombor"]
[Result "1/2-1/2"]
[WhiteElo "2190"]
[BlackElo "2336"]
[PlyCount "62"]
[EventDate "2010.08.07"]
[EventType "tourn"]
[EventRounds "9"]
[EventCountry "HUN"]
[EventCategory "1"]
[SourceTitle "CBM 137 Extra"]
[Source "ChessBase"]
[SourceDate "2010.09.01"]
[SourceVersion "1"]
[SourceVersionDate "2010.09.01"]
[SourceQuality "1"]

1. Nf3 Nf6 2. c4 g6 3. g3 Bg7 4. Bg2 0-0 5. 0-0 d5 6. cxd5 Nxd5 7. d4 Nb6 8. Nc3 Nc6 9. e3 Re8 10. Re1 e5 11. d5 Na5 12. e4 Nac4 13. b3 Nd6 14. a4 a5 15. Ba3 Bd7 16. Nd2 Bf8 17. f4 exf4 18. gxf4 Qh4 19. e5 Qxf4 20. Nf3 Bg4 21. exd6 Rxe1+ 22. Qxe1 Bxf3 23. Qf2 Bg7 24. Qxf3 Qxf3 25. Bxf3 Bxc3 26. Rd1 cxd6 27. Bxd6 Nd7 28. Bc7 Nc5 29. Bb6 Nd7 30. Bc7 Nc5 31. Bb6 Nd7 1/2-1/2

[Event "Budapest FS08 IM-B"]
[Site "Budapest"]
[Date "2010.08.09"]
[Round "3"]
[White "Farago, Sandor"]
[Black "Erdelyi, Zombor"]
[Result "1-0"]
[WhiteElo "2243"]
[BlackElo "2336"]
[PlyCount "73"]
[EventDate "2010.08.07"]
[EventType "tourn"]
[EventRounds "9"]
[EventCountry "HUN"]
[EventCategory "1"]
[SourceTitle "CBM 137 Extra"]
[Source "ChessBase"]
[SourceDate "2010.09.01"]
[SourceVersion "1"]
[SourceVersionDate "2010.09.01"]
[SourceQuality "1"]

1. e4 c5 2. Nf3 e6 3. d4 cxd4 4. Nxd4 Nc6 5. Nb5 d6 6. c4 Nf6 7. N5c3 Be7 8. Be3 0-0 9. Be2 b6 10. 0-0 Bb7 11. a3 Rc8 12. f4 Na5 13. Nd2 d5 14. cxd5 exd5 15. exd5 Nxd5 16. Nxd5 Qxd5 17. Bf3 Qd3 18. Re1 Bh4 19. Re2 Rfd8 20. Bxb7 Nxb7 21. Qf1 Bf6 22. Bxb6 Rf8 23. Bxa7 Rc2 24. Rd1 Rxb2 25. Re3 Qf5 26. Ne4 Bd8 27. Bd4 Bb6 28. Bxb6 Rxb6 29. Qf2 h6 30. h3 Ra8 31. Nc3 Re6 32. Nd5 Kh7 33. g4 Qg6 34. f5 Qg5 35. fxe6 fxe6 36. Nc7 Rf8 37. Nxe6 1-0

[Event "Budapest FS08 IM-B"]
[Site "Budapest"]
[Date "2010.08.08"]
[Round "2"]
[White "Erdelyi, Zombor"]
[Black "Maryasin, Boris Feliksovich"]
[Result "1-0"]
[WhiteElo "2336"]
[BlackElo "2339"]
[PlyCount "79"]
[EventDate "2010.08.07"]
[EventType "tourn"]
[EventRounds "9"]
[EventCountry "HUN"]
[EventCategory "1"]
[SourceTitle "CBM 137 Extra"]
[Source "ChessBase"]
[SourceDate "2010.09.01"]
[SourceVersion "1"]
[SourceVersionDate "2010.09.01"]
[SourceQuality "1"]

1. d4 d5 2. c4 dxc4 3. e4 Nc6 4. Nf3 Bg4 5. d5 Ne5 6. Bf4 Ng6 7. Be3 Nf6 8. Nc3 e5 9. Bxc4 Bd6 10. h3 Bd7 11. 0-0 Nh5 12. Bb5 Nhf4 13. Qa4 a6 14. Bxd7+ Qxd7 15. Qxd7+ Kxd7 16. Rfd1 f6 17. h4 Ne7 18. g3 Nh5 19. Rac1 f5 20. exf5 Nf6 21. Na4 Rae8 22. Nc5+ Kc8 23. Ne6 Nexd5 24. Nxg7 Re7 25. Bg5 Kb8 26. Rxd5 Nxd5 27. Bxe7 Nxe7 28. Re1 Nc6 29. g4 Rf8 30. Ng5 Nd4 31. Kg2 Rg8 32. f6 h6 33. Nf7 Rf8 34. Nxd6 cxd6 35. g5 hxg5 36. hxg5 Kc7 37. f4 exf4 38. g6 f3+ 39. Kf2 Rh8 40. Ne6+ 1-0

[Event "Balaton op"]
[Site "Heviz"]
[Date "2010.06.27"]
[Round "9"]
[White "Banusz, Tamas"]
[Black "Erdelyi, Zombor"]
[Result "1-0"]
[WhiteElo "2517"]
[BlackElo "2357"]
[PlyCount "31"]
[EventDate "2010.06.19"]
[EventType "swiss"]
[EventRounds "9"]
[EventCountry "HUN"]
[SourceTitle "CBM 137 Extra"]
[Source "ChessBase"]
[SourceDate "2010.09.01"]
[SourceVersion "1"]
[SourceVersionDate "2010.09.01"]
[SourceQuality "1"]

1. d4 Nf6 2. c4 g6 3. Nf3 Bg7 4. g3 0-0 5. Bg2 d5 6. cxd5 Nxd5 7. 0-0 Nb6 8. Nc3 Nc6 9. e3 Re8 10. Re1 e5 11. d5 Na5 12. e4 c6 13. b3 cxd5 14. exd5 Bf5 15. Bg5 Qd7 16. Qd2 1-0

[Event "Balaton op"]
[Site "Heviz"]
[Date "2010.06.25"]
[Round "7"]
[White "Erdelyi, Zombor"]
[Black "Prohaszka, Peter"]
[Result "0-1"]
[WhiteElo "2357"]
[BlackElo "2501"]
[PlyCount "80"]
[EventDate "2010.06.19"]
[EventType "swiss"]
[EventRounds "9"]
[EventCountry "HUN"]
[SourceTitle "CBM 137 Extra"]
[Source "ChessBase"]
[SourceDate "2010.09.01"]
[SourceVersion "1"]
[SourceVersionDate "2010.09.01"]
[SourceQuality "1"]

1. d4 Nf6 2. c4 e6 3. g3 c5 4. d5 exd5 5. cxd5 d6 6. Nc3 g6 7. Nf3 Bg7 8. Bg2 0-0 9. 0-0 Re8 10. Nd2 Nbd7 11. Nc4 Nb6 12. Nxb6 Qxb6 13. h3 Bf5 14. g4 Bd7 15. Qc2 h5 16. g5 Nh7 17. Kh2 Qa6 18. e4 b5 19. Rg1 b4 20. Bf1 c4 21. Nd1 Ba4 22. Qxc4 Qxc4 23. Bxc4 Rxe4 24. Bb3 Bd7 25. f4 Rae8 26. a3 Bd4 27. Rg2 Bb5 28. axb4 Bf1 29. Rc2 h4 30. Nc3 Re1 31. Rd2 Nxg5 32. Bd1 R8e3 33. Rxd4 Rxh3+ 34. Kg1 Bd3+ 35. Kg2 Rg3+ 36. Kh2 Rh3+ 37. Kg2 Rg3+ 38. Kh2 Reg1 39. fxg5 R3g2+ 40. Kh3 Bf1 0-1

[Event "HUN-chT 0910"]
[Site "Hungary"]
[Date "2010.02.28"]
[Round "7"]
[White "Erdelyi, Zombor"]
[Black "Berczes, David"]
[Result "0-1"]
[WhiteElo "2380"]
[BlackElo "2521"]
[PlyCount "66"]
[EventDate "2009.11.08"]
[EventType "team-tourn"]
[EventRounds "11"]
[EventCountry "HUN"]
[SourceTitle "EXT 2011"]
[Source "ChessBase"]
[SourceDate "2010.11.26"]
[SourceVersion "1"]
[SourceVersionDate "2010.11.26"]
[SourceQuality "1"]
[WhiteTeam "Penzugyor"]
[BlackTeam "Aquaprofit"]
[WhiteTeamCountry "HUN"]
[BlackTeamCountry "HUN"]

1. e4 c5 2. Nf3 d6 3. d4 cxd4 4. Nxd4 Nf6 5. Nc3 a6 6. Be3 e5 7. Nb3 Be7 8. f3 Be6 9. Qd2 0-0 10. 0-0-0 a5 11. Bb5 Na6 12. Kb1 Nc7 13. Bb6 Qb8 14. a4 Nxb5 15. Nxb5 Rc8 16. Qf2 Rc4 17. Ba7 Qf8 18. Rd3 d5 19. exd5 Nxd5 20. Rhd1 Nb4 21. Rc3 Rxc3 22. Nxc3 Bf5 23. Ne4 Rc8 24. c3 Nc6 25. Bc5 Bg6 26. Bxe7 Qxe7 27. Qc5 Qh4 28. Qc4 h6 29. Ka1 Qxh2 30. Nxa5 Qxg2 31. Nd6 Ra8 32. Nxc6 Qc2 33. Ne7+ Kh7 0-1

[Event "HUN-chT 0910"]
[Site "Hungary"]
[Date "2009.12.06"]
[Round "3"]
[White "Medvegy, Nora"]
[Black "Erdelyi, Zombor"]
[Result "0-1"]
[WhiteElo "2344"]
[BlackElo "2380"]
[PlyCount "114"]
[EventDate "2009.11.08"]
[EventType "team-tourn"]
[EventRounds "11"]
[EventCountry "HUN"]
[SourceTitle "EXT 2011"]
[Source "ChessBase"]
[SourceDate "2010.11.26"]
[SourceVersion "1"]
[SourceVersionDate "2010.11.26"]
[SourceQuality "1"]
[WhiteTeam "MLTC"]
[BlackTeam "Penzugyor"]
[WhiteTeamCountry "HUN"]
[BlackTeamCountry "HUN"]

1. e4 c5 2. Nf3 d6 3. d4 cxd4 4. Nxd4 Nf6 5. Nc3 a6 6. Be3 e5 7. Nde2 Be6 8. f4 g6 9. fxe5 dxe5 10. Qxd8+ Kxd8 11. h3 h5 12. Nd5 Nxd5 13. exd5 Bf5 14. c4 h4 15. Nc3 Nd7 16. Be2 Bd6 17. a3 Bc5 18. Kd2 Bxe3+ 19. Kxe3 Nc5 20. Bg4 Bc2 21. Bd1 Bb3 22. Bxb3 Nxb3 23. Rae1 f5 24. Na4 b5 25. cxb5 axb5 26. Nc3 Rb8 27. Kf2 Nc5 28. Rd1 b4 29. axb4 Rxb4 30. Rd2 Kd7 31. Ra1 Rhb8 32. Ra7+ R8b7 33. Rxb7+ Rxb7 34. Ke3 Rb3 35. Rc2 Na4 36. Kd2 Nxb2 37. Ne2 Rd3+ 38. Kc1 Nd1 39. Rd2 Nf2 40. Rxd3 Nxd3+ 41. Kd2 Nb4 42. Ng1 e4 43. Ne2 Nxd5 44. Ke1 Ke6 45. Kf2 Ke5 46. Nc1 Kd4 47. Ne2+ Kd3 48. Nc1+ Kd2 49. Nb3+ Kd1 50. Nd4 f4 51. Ne2 Kd2 52. Nd4 Nc3 53. Nb3+ Kd1 54. Nd4 e3+ 55. Kf3 e2 56. Nxe2 Nxe2 57. Kg4 Ke1 0-1